000 00509nam a2200181Ia 4500
008 151202s9999||||xx |||||||||||||| ||und||
082 _bPNVM-51620
100 _aआवटे गणेश.
245 _aकागुद.
260 _b"ाारा प्रकाशन,औरंगाबाद."
260 _c51620
300 _a145
600 _aआवटे गणेश.
630 _aकागुद.
700 _aआवटे गणेश.
730 _aकागुद.
942 _cBOOK
999 _c1318160
_d1318157